<?xml version="1.0" encoding="UTF-8"?>
<collection xmlns="http://www.loc.gov/MARC21/slim">
    <record>
        <controlfield tag="001">61465</controlfield>
        <controlfield tag="005">20170612112602.0</controlfield>
        <datafield tag="024" ind1="7" ind2=" ">
            <subfield code="2">doi</subfield>
            <subfield code="a">10.1128/AEM.01168-13</subfield>
        </datafield>
        <datafield tag="024" ind1="8" ind2=" ">
            <subfield code="2">sideral</subfield>
            <subfield code="a">83054</subfield>
        </datafield>
        <datafield tag="037" ind1=" " ind2=" ">
            <subfield code="a">ART-2013-83054</subfield>
        </datafield>
        <datafield tag="041" ind1=" " ind2=" ">
            <subfield code="a">eng</subfield>
        </datafield>
        <datafield tag="100" ind1=" " ind2=" ">
            <subfield code="0">(orcid)0000-0001-7831-2483</subfield>
            <subfield code="a">Quílez, J.</subfield>
            <subfield code="u">Universidad de Zaragoza</subfield>
        </datafield>
        <datafield tag="245" ind1=" " ind2=" ">
            <subfield code="a">Host association of cryptosporidium parvum populations infecting domestic ruminants in Spain</subfield>
        </datafield>
        <datafield tag="260" ind1=" " ind2=" ">
            <subfield code="c">2013</subfield>
        </datafield>
        <datafield tag="506" ind1="0" ind2=" ">
            <subfield code="a">Access copy available to the general public</subfield>
            <subfield code="f">Unrestricted</subfield>
        </datafield>
        <datafield tag="520" ind1="3" ind2=" ">
            <subfield code="a">A stock of 148 Cryptosporidium parvum DNA extracts from lambs and goat kids selected from a previous study examining the occurrence of Cryptosporidium species and GP60 subtypes in diarrheic lambs and goat kids in northeastern Spain was further characterized by a multilocus fragment typing approach with six mini- and microsatellite loci. Various degrees of polymorphism were seen at all but the MS5 locus, although all markers exhibited two major alleles accounting for more than 75% of isolates. A total of 56 multilocus subtypes (MLTs) from lambs (48 MLTs) and goat kids (11 MLTs) were identified. Individual isolates with mixed MLTs were detected on more than 25% of the farms, but most MLTs (33) were distinctive for individual farms, revealing the endemicity of cryptosporidial infections on sheep and goat farms. Comparison with a previous study in calves in northern Spain using the same six-locus subtyping scheme showed the presence of host-associated alleles, differences in the identity of major alleles, and very little overlap in MLTs between C. parvum isolates from lambs and those from calves (1 MLT) or isolates from lambs and those from goat kids (3 MLTs). The Hunter-Gaston index of the multilocus technique was 0.976 (95% confidence interval [CI], 0.970 to 0.982), which supports its high discriminatory power for strain typing and epidemiological tracking. Population analyses revealed the presence of two host-associated subpopulations showing epidemic clonality among the C. parvum isolates infecting calves and lambs/goat kids, respectively, although evidence of genetic flow between the two subpopulations was also detected.</subfield>
        </datafield>
        <datafield tag="536" ind1=" " ind2=" ">
            <subfield code="9">info:eu-repo/grantAgreement/ES/DGA/B82</subfield>
            <subfield code="9">info:eu-repo/grantAgreement/ES/MICINN/AGL2009-10590</subfield>
        </datafield>
        <datafield tag="540" ind1=" " ind2=" ">
            <subfield code="9">info:eu-repo/semantics/openAccess</subfield>
            <subfield code="a">All rights reserved</subfield>
            <subfield code="u">http://www.europeana.eu/rights/rr-f/</subfield>
        </datafield>
        <datafield tag="590" ind1=" " ind2=" ">
            <subfield code="a">3.952</subfield>
            <subfield code="b">2013</subfield>
        </datafield>
        <datafield tag="591" ind1=" " ind2=" ">
            <subfield code="a">MICROBIOLOGY</subfield>
            <subfield code="b">24 / 118 = 0.203</subfield>
            <subfield code="c">2013</subfield>
            <subfield code="d">Q1</subfield>
            <subfield code="e">T1</subfield>
        </datafield>
        <datafield tag="591" ind1=" " ind2=" ">
            <subfield code="a">BIOTECHNOLOGY &amp; APPLIED MICROBIOLOGY</subfield>
            <subfield code="b">30 / 161 = 0.186</subfield>
            <subfield code="c">2013</subfield>
            <subfield code="d">Q1</subfield>
            <subfield code="e">T1</subfield>
        </datafield>
        <datafield tag="655" ind1=" " ind2="4">
            <subfield code="a">info:eu-repo/semantics/article</subfield>
            <subfield code="v">info:eu-repo/semantics/publishedVersion</subfield>
        </datafield>
        <datafield tag="700" ind1=" " ind2=" ">
            <subfield code="0">(orcid)0000-0002-9243-7503</subfield>
            <subfield code="a">Vergara Castiblanco, C.</subfield>
        </datafield>
        <datafield tag="700" ind1=" " ind2=" ">
            <subfield code="0">(orcid)0000-0003-0210-2919</subfield>
            <subfield code="a">Monteagudo, L.</subfield>
            <subfield code="u">Universidad de Zaragoza</subfield>
        </datafield>
        <datafield tag="700" ind1=" " ind2=" ">
            <subfield code="0">(orcid)0000-0002-9453-7655</subfield>
            <subfield code="a">Cacho, E.</subfield>
            <subfield code="u">Universidad de Zaragoza</subfield>
        </datafield>
        <datafield tag="700" ind1=" " ind2=" ">
            <subfield code="0">(orcid)0000-0002-3532-0384</subfield>
            <subfield code="a">Sánchez Acedo, C.</subfield>
            <subfield code="u">Universidad de Zaragoza</subfield>
        </datafield>
        <datafield tag="710" ind1="2" ind2=" ">
            <subfield code="1">1009</subfield>
            <subfield code="2">773</subfield>
            <subfield code="a">Universidad de Zaragoza</subfield>
            <subfield code="b">Departamento de Patología Animal</subfield>
            <subfield code="c">Sanidad Animal</subfield>
        </datafield>
        <datafield tag="710" ind1="2" ind2=" ">
            <subfield code="1">1001</subfield>
            <subfield code="2">420</subfield>
            <subfield code="a">Universidad de Zaragoza</subfield>
            <subfield code="b">Departamento de Anatomía, Embriología y Genética Animal</subfield>
            <subfield code="c">Genética</subfield>
        </datafield>
        <datafield tag="773" ind1=" " ind2=" ">
            <subfield code="g">79, 17 (2013), 5363-5371</subfield>
            <subfield code="p">Appl. environ. microbiol.</subfield>
            <subfield code="t">APPLIED AND ENVIRONMENTAL MICROBIOLOGY</subfield>
            <subfield code="x">0099-2240</subfield>
        </datafield>
        <datafield tag="856" ind1="4" ind2=" ">
            <subfield code="s">878807</subfield>
            <subfield code="u">http://zaguan.unizar.es/record/61465/files/texto_completo.pdf</subfield>
            <subfield code="y">Versión publicada</subfield>
        </datafield>
        <datafield tag="856" ind1="4" ind2=" ">
            <subfield code="s">138245</subfield>
            <subfield code="u">http://zaguan.unizar.es/record/61465/files/texto_completo.jpg?subformat=icon</subfield>
            <subfield code="x">icon</subfield>
            <subfield code="y">Versión publicada</subfield>
        </datafield>
        <datafield tag="909" ind1="C" ind2="O">
            <subfield code="o">oai:zaguan.unizar.es:61465</subfield>
            <subfield code="p">articulos</subfield>
            <subfield code="p">driver</subfield>
        </datafield>
        <datafield tag="951" ind1=" " ind2=" ">
            <subfield code="a">2017-06-12-09:14:48</subfield>
        </datafield>
        <datafield tag="980" ind1=" " ind2=" ">
            <subfield code="a">ARTICLE</subfield>
        </datafield>
    </record>

    
</collection>